Normal view
MARC view
- LITTELL,DOUGAL
Entry Personal Name
001 - CONTROL NUMBER
- control field: 133951
003 - CONTROL NUMBER IDENTIFIER
- control field: NUST
005 - DATE AND TIME OF LATEST TRANSACTION
- control field: 20260407120404.0
008 - FIXED-LENGTH DATA ELEMENTS
- fixed length control field: 260407|| aca||aabn | a|a d
040 ## - CATALOGING SOURCE
- Original cataloging agency: NUST
- Transcribing agency: NUST
100 ## - HEADING--PERSONAL NAME
- Personal name: LITTELL,DOUGAL
670 ## - SOURCE DATA FOUND
- Source citation: Work cat.: (NUST): LITTELL,DOUGAL., CREATING AMERICA BEGINNINGS THROUGH RECONSTRUCTION /, 1978.
